[Event "EU-Cup Online Gr-E"]
[Site "Tornelo INT"]
[Date "2021.03.28"]
[Round "6.4"]
[White "Zisiadis, Dimitrios"]
[Black "Marchadour, Emilie"]
[Result "1-0"]
[WhiteElo "2042"]
[BlackElo "2006"]
[PlyCount "105"]
[EventDate "2021.03.27"]
[EventType "team-tourn (rapid)"]
[EventRounds "9"]
[EventCountry "NET"]
[SourceTitle "CBM 201 Extra"]
[Source "ChessBase"]
[SourceDate "2021.05.31"]
[SourceVersion "1"]
[SourceVersionDate "2021.05.31"]
[SourceQuality "1"]
[WhiteTeam "Kavalas"]
[BlackTeam "Lexovien"]
[WhiteTeamCountry "GRE"]
[BlackTeamCountry "FRA"]

1. d4 Nf6 2. c4 c5 3. d5 b5 4. f3 bxc4 5. e4 d6 6. Bxc4 g6 7. Nc3 Bg7 8. Nge2 0-0 9. 0-0 Ba6 10. Bd3 Qb6 11. Kh1 Nbd7 12. Rb1 Ne5 13. Bxa6 Qxa6 14. f4 Nd3 15. Be3 Rab8 16. Qd2 Rb4 17. Rfd1 c4 18. Nc1 Nxb2 19. Rxb2 Nxe4 20. Nxe4 Rxb2 21. Qe1 Rc8 22. Nc3 Qa3 23. Bd4 Bxd4 24. Rxd4 Rc2 25. N1e2 Qb2 26. h3 a5 27. Re4 Rc7 28. Qg3 Qa1+ 29. Kh2 Qf1 30. Qe3 Kf8 31. Qd4 f6 32. Qb6 Rd7 33. Qxa5 f5 34. Re6 Qf2 35. Qa4 Rxe2 36. Nxe2 Rb7 37. Qa8+ Kg7 38. Qxb7 c3 39. Qxe7+ Kh6 40. Qf8+ Kh5 41. Ng3+ Qxg3+ 42. Kxg3 c2 43. Qc8 Kh6 44. Qxc2 Kh5 45. Qe2+ Kh6 46. Kf2 Kg7 47. g4 fxg4 48. hxg4 Kh6 49. g5+ Kg7 50. Re7+ Kf8 51. Ra7 h5 52. Qe7+ Kg8 53. Qd8# 1-0

[Event "EU-Cup Online Gr-E"]
[Site "Tornelo INT"]
[Date "2021.03.27"]
[Round "4.4"]
[White "Dolgun, Can"]
[Black "Marchadour, Emilie"]
[Result "1-0"]
[WhiteElo "2133"]
[BlackElo "2006"]
[PlyCount "55"]
[EventDate "2021.03.27"]
[EventType "team-tourn (rapid)"]
[EventRounds "9"]
[EventCountry "NET"]
[SourceTitle "CBM 201 Extra"]
[Source "ChessBase"]
[SourceDate "2021.05.31"]
[SourceVersion "1"]
[SourceVersionDate "2021.05.31"]
[SourceQuality "1"]
[WhiteTeam "Anatolia White"]
[BlackTeam "Lexovien"]
[WhiteTeamCountry "TUR"]
[BlackTeamCountry "FRA"]

1. e4 c5 2. Nf3 e6 3. d4 cxd4 4. Nxd4 Nc6 5. Nc3 Qc7 6. Ndb5 Qb8 7. Be3 a6 8. Nd4 Nf6 9. Bd3 Bb4 10. 0-0 Bxc3 11. bxc3 0-0 12. f4 d6 13. Nxc6 bxc6 14. e5 Nd5 15. Bd4 c5 16. Bf2 dxe5 17. Bxc5 exf4 18. Bxf8 Kxf8 19. Qh5 Ne3 20. Qc5+ Kg8 21. Rfb1 Bb7 22. Be4 Ra7 23. Qxa7 Qxa7 24. Rxb7 Qa8 25. Rab1 f5 26. Rb8+ Qxb8 27. Rxb8+ Kf7 28. Bd3 1-0

[Event "Nantes op 12th"]
[Site "Nantes "]
[Date "2013.12.29"]
[Round "5"]
[White "Marchadour, Emilie"]
[Black "Koziak, Vitali"]
[Result "0-1"]
[WhiteElo "2043"]
[BlackElo "2486"]
[PlyCount "68"]
[EventDate "2013.12.27"]
[EventType "swiss"]
[EventRounds "7"]
[EventCountry "FRA"]
[SourceTitle "CBM 158 Extra"]
[Source "ChessBase"]
[SourceDate "2014.02.28"]
[SourceVersion "1"]
[SourceVersionDate "2014.02.28"]
[SourceQuality "1"]

1. e4 d6 2. d4 Nf6 3. Nc3 g6 4. Nf3 Bg7 5. Bf4 0-0 6. Qd2 Nc6 7. d5 e5 8. Bg5 Ne7 9. h3 Ne8 10. g4 f5 11. gxf5 gxf5 12. exf5 Bxf5 13. Nh4 Bf6 14. Bxf6 Nxf6 15. Qg5+ Bg6 16. Bd3 Kh8 17. Rg1 Qe8 18. Bxg6 Nxg6 19. Qh6 Rg8 20. 0-0-0 Qf7 21. Nf3 a6 22. Qe3 Nf4 23. Ng5 Qe7 24. h4 Raf8 25. Nge4 Rxg1 26. Rxg1 N4xd5 27. Nxd5 Nxd5 28. Qh6 Qf7 29. Ng5 Qg8 30. Nh3 Qf7 31. Ng5 Qf5 32. Ne6 Rf7 33. Rg7 Nb4 34. Kd1 Qxc2+ 0-1

[Event "Avoine op 28th"]
[Site "Avoine"]
[Date "2013.07.20"]
[Round "1"]
[White "Godart, Francois"]
[Black "Marchadour, Emilie"]
[Result "1-0"]
[WhiteElo "2359"]
[BlackElo "2076"]
[PlyCount "69"]
[EventDate "2013.07.20"]
[EventType "swiss"]
[EventRounds "9"]
[EventCountry "FRA"]
[SourceTitle "CBM 155 Extra"]
[Source "ChessBase"]
[SourceDate "2013.08.26"]
[SourceVersion "1"]
[SourceVersionDate "2013.08.26"]
[SourceQuality "1"]

1. d4 Nf6 2. c4 c5 3. d5 b5 4. cxb5 a6 5. b6 d6 6. Nc3 g6 7. Nf3 Bg7 8. Nd2 Nbd7 9. e4 Nxb6 10. a4 a5 11. Bb5+ Bd7 12. 0-0 0-0 13. Qe2 Ne8 14. Nc4 Nxc4 15. Bxc4 Qb6 16. Bg5 f6 17. Bh4 Nc7 18. f4 Bc8 19. f5 Ba6 20. fxg6 hxg6 21. Bxa6 Qxa6 22. Qg4 Kh7 23. Qd7 Qc8 24. Qxe7 Rd8 25. Rxf6 Rd7 26. Rf8 Rxe7 27. Rxc8 Rxc8 28. Bxe7 Rb8 29. Bxd6 Rxb2 30. Bxc7 Bxc3 31. Rd1 Bd4+ 32. Kh1 c4 33. h3 c3 34. Rxd4 c2 35. Bf4 1-0

[Event "Krakow op-A 22nd"]
[Site "Krakow"]
[Date "2011.12.30"]
[Round "4"]
[White "Marchadour, Emilie"]
[Black "Gonzalez Diaz, Julio"]
[Result "0-1"]
[WhiteElo "2022"]
[BlackElo "2249"]
[PlyCount "41"]
[EventDate "2011.12.27"]
[EventType "swiss"]
[EventRounds "9"]
[EventCountry "POL"]
[SourceTitle "CBM 146 Extra"]
[Source "ChessBase"]
[SourceDate "2012.02.29"]
[SourceVersion "1"]
[SourceVersionDate "2012.02.29"]
[SourceQuality "1"]

1. e4 c5 2. Nf3 g6 3. d4 cxd4 4. Nxd4 Bg7 5. Nc3 Nc6 6. Be3 Nf6 7. Nb3 0-0 8. Be2 a5 9. a4 Nb4 10. e5 Ne8 11. f4 f6 12. 0-0 fxe5 13. fxe5 Rxf1+ 14. Bxf1 Qc7 15. Nb5 Qxe5 16. Bd4 Qf4 17. Bc4+ e6 18. Be2 Bxd4+ 19. N3xd4 Nc6 20. Bf1 Nxd4 21. Qd3 0-1

[Event "Krakow op-A 22nd"]
[Site "Krakow"]
[Date "2011.12.28"]
[Round "2"]
[White "Marchadour, Emilie"]
[Black "Laurusas, Tomas"]
[Result "0-1"]
[WhiteElo "2022"]
[BlackElo "2363"]
[PlyCount "110"]
[EventDate "2011.12.27"]
[EventType "swiss"]
[EventRounds "9"]
[EventCountry "POL"]
[SourceTitle "CBM 146 Extra"]
[Source "ChessBase"]
[SourceDate "2012.02.29"]
[SourceVersion "1"]
[SourceVersionDate "2012.02.29"]
[SourceQuality "1"]

1. e4 c5 2. Nf3 e6 3. d4 cxd4 4. Nxd4 a6 5. Nc3 Qc7 6. Be2 Nf6 7. 0-0 Nc6 8. Be3 Bb4 9. Bg5 Qe5 10. Nf3 Qa5 11. Bd2 Qc7 12. Bd3 Be7 13. Re1 d6 14. a4 0-0 15. Bf4 Nd7 16. Ng5 h6 17. Nf3 Rd8 18. Qd2 Bf6 19. Rad1 Nde5 20. Nxe5 dxe5 21. Be3 Nd4 22. Ne2 Bd7 23. b3 Bc6 24. Ng3 Qe7 25. Nh5 Bg5 26. Rb1 Be8 27. Bxg5 hxg5 28. Ng3 b5 29. axb5 axb5 30. c3 Nc6 31. Qe3 b4 32. cxb4 Nxb4 33. Red1 Ra2 34. Bc4 Nc2 35. Qc3 Nd4 36. Ra1 Rda8 37. Rxa2 Rxa2 38. Rd2 Qa3 39. Rxa2 Qxa2 40. h3 Bc6 41. Qc1 Qa8 42. Qxg5 Bxe4 43. Nxe4 Qxe4 44. Qe3 Qb1+ 45. Kh2 Qb2 46. Qg3 g6 47. Qh4 Nf5 48. Qd8+ Kg7 49. Qc7 Qxf2 50. Qxe5+ Kh7 51. Qe2 Qf4+ 52. Kg1 Kg8 53. Ba6 Qc1+ 54. Kh2 Qc7+ 55. Kg1 Qb6+ 0-1

[Event "Krakow op-A 22nd"]
[Site "Krakow"]
[Date "2011.12.27"]
[Round "1"]
[White "Kalvaitis, Sigitas"]
[Black "Marchadour, Emilie"]
[Result "0-1"]
[WhiteElo "2252"]
[BlackElo "2022"]
[PlyCount "114"]
[EventDate "2011.12.27"]
[EventType "swiss"]
[EventRounds "9"]
[EventCountry "POL"]
[SourceTitle "CBM 146 Extra"]
[Source "ChessBase"]
[SourceDate "2012.02.29"]
[SourceVersion "1"]
[SourceVersionDate "2012.02.29"]
[SourceQuality "1"]

1. e4 c5 2. Nf3 e6 3. c3 Nf6 4. e5 Nd5 5. d4 d6 6. a3 dxe5 7. dxe5 Be7 8. Bd3 Nc6 9. 0-0 Qc7 10. Qe2 Na5 11. c4 Nb6 12. Bf4 Bd7 13. Nbd2 0-0 14. Qe4 g6 15. Bh6 Bc6 16. Qf4 Rfd8 17. Be4 f5 18. Bxc6 Nxc6 19. Rfe1 Nd4 20. Rac1 Rd7 21. h4 Bf8 22. Bxf8 Rxf8 23. h5 gxh5 24. Qh6 Rg7 25. Nxd4 cxd4 26. Qxe6+ Kh8 27. c5 Rg6 28. Qb3 Qc6 29. Qf3 Nd5 30. e6 Rfg8 31. g3 h4 32. Qxf5 hxg3 33. f3 g2 34. Qe5+ R8g7 35. Qb8+ Rg8 36. Qe5+ R8g7 37. Re4 Rh6 38. Rg4 Rh1+ 39. Kf2 Qc7 40. Qxc7 Nxc7 41. Rg1 Rxg4 42. fxg4 Nxe6 43. Kxg2 Rxg1+ 44. Kxg1 Nxc5 45. Kg2 Kg7 46. Nf3 d3 47. Kf2 d2 48. Nxd2 Nd3+ 49. Ke3 Nxb2 50. g5 Kg6 51. Kf3 b5 52. Kf4 Nc4 53. Nb1 h6 54. Ke4 Kxg5 55. Kd4 Kg4 56. a4 a6 57. axb5 axb5 0-1

[Event "FRA-chT1A 1112"]
[Site "France"]
[Date "2011.12.11"]
[Round "5.8"]
[White "Marchadour, Emilie"]
[Black "Auvray, Honorine"]
[Result "1-0"]
[WhiteElo "1917"]
[BlackElo "1738"]
[PlyCount "43"]
[EventDate "2011.10.16"]
[EventType "team-tourn"]
[EventRounds "11"]
[EventCountry "FRA"]
[SourceTitle "EXT 2013"]
[Source "ChessBase"]
[SourceDate "2012.11.22"]
[SourceVersion "1"]
[SourceVersionDate "2012.11.22"]
[SourceQuality "1"]
[WhiteTeam "Lisieux"]
[BlackTeam "Agneaux Saint Lo"]
[WhiteTeamCountry "FRA"]
[BlackTeamCountry "FRA"]

1. e4 c5 2. Nf3 Nc6 3. d4 cxd4 4. Nxd4 Nf6 5. Nc3 d6 6. Be2 e5 7. Nb3 Be7 8. 0-0 0-0 9. Kh1 a6 10. f4 b5 11. Bf3 Bb7 12. Be3 exf4 13. Bxf4 Ne5 14. Nd5 Nxd5 15. exd5 Bf6 16. c3 Nxf3 17. Qxf3 Be5 18. Rad1 Rc8 19. Nd4 Rc5 20. Nf5 Qd7 21. Bxe5 dxe5 22. Qg4 1-0

[Event "FRA-chT1A 1112"]
[Site "France"]
[Date "2011.12.10"]
[Round "4.7"]
[White "Marchadour, Emilie"]
[Black "Gallant, Aurelien"]
[Result "0-1"]
[WhiteElo "2022"]
[BlackElo "2017"]
[PlyCount "71"]
[EventDate "2011.10.16"]
[EventType "team-tourn"]
[EventRounds "11"]
[EventCountry "FRA"]
[SourceTitle "EXT 2013"]
[Source "ChessBase"]
[SourceDate "2012.11.22"]
[SourceVersion "1"]
[SourceVersionDate "2012.11.22"]
[SourceQuality "1"]
[WhiteTeam "Lisieux"]
[BlackTeam "Sautron"]
[WhiteTeamCountry "FRA"]
[BlackTeamCountry "FRA"]

1. e4 c5 2. Nf3 d6 3. d4 cxd4 4. Nxd4 Nf6 5. Nc3 a6 6. a4 e5 7. Nb3 Be6 8. Bg5 Nbd7 9. Be2 Be7 10. 0-0 Qc7 11. f4 0-0 12. Kh1 Rac8 13. Rc1 Bc4 14. Bxc4 Qxc4 15. Qe1 h6 16. Bxf6 Nxf6 17. Rd1 b5 18. axb5 axb5 19. Nd2 Qc5 20. Rf2 Qb4 21. Nb3 Rc4 22. fxe5 dxe5 23. Nd5 Nxd5 24. exd5 Qd6 25. Re2 Bf6 26. Nd2 Rd4 27. Ne4 Qxd5 28. Nxf6+ gxf6 29. Rxd4 Qxd4 30. c3 Qg4 31. h3 Qg6 32. Re4 Kh8 33. Rg4 Qf5 34. Qd2 Kh7 35. Rb4 Re8 36. Rxb5 0-1

[Event "FRA-chT1A 1112"]
[Site "France"]
[Date "2011.11.13"]
[Round "3.6"]
[White "Marchadour, Emilie"]
[Black "Marciniak, Gerard"]
[Result "1/2-1/2"]
[WhiteElo "2022"]
[BlackElo "2153"]
[PlyCount "82"]
[EventDate "2011.10.16"]
[EventType "team-tourn"]
[EventRounds "11"]
[EventCountry "FRA"]
[SourceTitle "EXT 2013"]
[Source "ChessBase"]
[SourceDate "2012.11.22"]
[SourceVersion "1"]
[SourceVersionDate "2012.11.22"]
[SourceQuality "1"]
[WhiteTeam "Lisieux"]
[BlackTeam "Agen"]
[WhiteTeamCountry "FRA"]
[BlackTeamCountry "FRA"]

1. d4 d6 2. e4 g6 3. f4 Bg7 4. Nf3 Nf6 5. Nc3 0-0 6. Be2 c5 7. dxc5 Qa5 8. 0-0 Qxc5+ 9. Kh1 a6 10. Qd3 Nbd7 11. Na4 Qc6 12. Nc3 Qc7 13. Nd4 b5 14. Bf3 Bb7 15. Re1 Nc5 16. Qd1 e6 17. Nb3 b4 18. Nxc5 Qxc5 19. Na4 Qa5 20. c3 Bc6 21. b3 bxc3 22. e5 Bxf3 23. Qxf3 dxe5 24. Qxc3 Qxc3 25. Nxc3 exf4 26. Bxf4 Ng4 27. Bd2 Rfd8 28. Ne4 Bxa1 29. Rxa1 Nf2+ 30. Nxf2 Rxd2 31. Ne4 Rc2 32. Kg1 Rac8 33. h3 Rc1+ 34. Rxc1 Rxc1+ 35. Kh2 f5 36. Nf6+ Kg7 37. Nd7 Rc2 38. a4 a5 39. Ne5 Kf6 40. Nc4 Rxc4 41. bxc4 Ke5 1/2-1/2

[Event "Calvi Balagne op 08th"]
[Site "Calvi"]
[Date "2011.04.27"]
[Round "3"]
[White "Marchadour, Emilie"]
[Black "Salvaggio, Salvatore"]
[Result "0-1"]
[WhiteElo "2038"]
[BlackElo "1769"]
[PlyCount "88"]
[EventDate "2011.04.26"]
[EventType "swiss"]
[EventRounds "8"]
[EventCountry "FRA"]
[SourceTitle "CBM 142 Extra"]
[Source "ChessBase"]
[SourceDate "2011.06.27"]
[SourceVersion "1"]
[SourceVersionDate "2011.06.27"]
[SourceQuality "1"]

1. e4 c5 2. Nf3 e6 3. d4 cxd4 4. Nxd4 Nf6 5. Nc3 d6 6. Be2 Be7 7. 0-0 a6 8. a4 0-0 9. Kh1 Nc6 10. f4 Qc7 11. Bf3 Bd7 12. Be3 Rac8 13. Nb3 b6 14. Qe2 Nb4 15. Qf2 Rb8 16. Rfd1 Bc6 17. Nd4 Ba8 18. g4 Nc6 19. g5 Nd7 20. Nce2 Nxd4 21. Nxd4 Nc5 22. Qg2 Rfe8 23. Ne2 Bf8 24. Ng3 d5 25. e5 b5 26. axb5 Rxb5 27. b3 Rb4 28. Nh5 Nd7 29. Rxa6 Bb7 30. Raa1 Bc5 31. Bd2 Rb5 32. h4 d4 33. Bxb7 Qxb7 34. Qxb7 Rxb7 35. Be1 Nb8 36. Bf2 Nc6 37. Ng3 Rd8 38. Ne4 Be7 39. Ra6 Nb4 40. Rxd4 Nxa6 41. Ra4 Nb4 42. Nd6 Bxd6 43. exd6 Nxc2 44. Rc4 Nb4 0-1

[Event "Novy Bor op"]
[Site "Novy Bor"]
[Date "2010.02.20"]
[Round "9"]
[White "Filinkov, Alexander"]
[Black "Marchadour, Emilie"]
[Result "1-0"]
[WhiteElo "2261"]
[BlackElo "2068"]
[PlyCount "73"]
[EventDate "2010.02.13"]
[EventType "swiss"]
[EventRounds "9"]
[EventCountry "CZE"]
[SourceTitle "CBM 134 Extra"]
[Source "ChessBase"]
[SourceDate "2010.03.03"]
[SourceVersion "1"]
[SourceVersionDate "2010.03.03"]
[SourceQuality "1"]

1. e4 c5 2. Nf3 e6 3. d4 cxd4 4. Nxd4 Nc6 5. Nb5 d6 6. c4 a6 7. N5a3 Nf6 8. Nc3 Be7 9. Be2 0-0 10. 0-0 Bd7 11. Be3 Na7 12. f3 Bc6 13. Qb3 Nd7 14. Rfd1 Qc7 15. Rac1 Nc8 16. Qc2 Rd8 17. b4 b6 18. Qb3 Bb7 19. Nc2 Qb8 20. f4 a5 21. a3 a4 22. Qb1 Bf6 23. Nd4 Be7 24. Bf3 Nf6 25. Qc2 Qc7 26. Qe2 Qb8 27. Qf2 Rf8 28. Ndb5 Bc6 29. e5 Bxf3 30. exf6 Bxd1 31. fxe7 Nxe7 32. Rxd1 Nc8 33. f5 exf5 34. Qxf5 Qb7 35. Ne4 Ne7 36. Nf6+ gxf6 37. Qxf6 1-0

[Event "Novy Bor op"]
[Site "Novy Bor"]
[Date "2010.02.19"]
[Round "8"]
[White "Marchadour, Emilie"]
[Black "Hantak, Adam"]
[Result "1/2-1/2"]
[WhiteElo "2068"]
[BlackElo "2195"]
[PlyCount "44"]
[EventDate "2010.02.13"]
[EventType "swiss"]
[EventRounds "9"]
[EventCountry "CZE"]
[SourceTitle "CBM 134 Extra"]
[Source "ChessBase"]
[SourceDate "2010.03.03"]
[SourceVersion "1"]
[SourceVersionDate "2010.03.03"]
[SourceQuality "1"]

1. e4 e5 2. Nf3 Nc6 3. Bb5 a6 4. Ba4 Nf6 5. 0-0 Be7 6. Re1 b5 7. Bb3 d6 8. c3 0-0 9. h3 Na5 10. Bc2 c5 11. d4 Qc7 12. a4 Bd7 13. Nbd2 cxd4 14. cxd4 Rfc8 15. axb5 Bxb5 16. Ba4 Rab8 17. Bxb5 Rxb5 18. Qa4 Qb8 19. b3 Nd7 20. Qa2 Bf6 21. d5 Bd8 22. Ba3 Bb6 1/2-1/2

[Event "Novy Bor op"]
[Site "Novy Bor"]
[Date "2010.02.15"]
[Round "3"]
[White "Golcman, Evgeny"]
[Black "Marchadour, Emilie"]
[Result "1-0"]
[WhiteElo "2290"]
[BlackElo "2068"]
[PlyCount "72"]
[EventDate "2010.02.13"]
[EventType "swiss"]
[EventRounds "9"]
[EventCountry "CZE"]
[SourceTitle "CBM 134 Extra"]
[Source "ChessBase"]
[SourceDate "2010.03.03"]
[SourceVersion "1"]
[SourceVersionDate "2010.03.03"]
[SourceQuality "1"]

1. c4 e5 2. g3 Nf6 3. Bg2 d5 4. cxd5 Nxd5 5. Nf3 Nc6 6. 0-0 Be7 7. d4 exd4 8. Nxd4 Nxd4 9. Qxd4 Nf6 10. Qa4+ c6 11. Nc3 0-0 12. e4 Be6 13. h3 Qc8 14. Kh2 Nd7 15. Bf4 Nb6 16. Qc2 Rd8 17. b3 Qd7 18. Rad1 Qe8 19. Be3 Rxd1 20. Rxd1 Rd8 21. Ne2 Rxd1 22. Qxd1 Qd8 23. Qc2 f6 24. Nf4 Bf7 25. Nd3 Nc8 26. f4 b6 27. Qxc6 Qxd3 28. Qxc8+ Bf8 29. Qc1 Bb4 30. Qc8+ Bf8 31. Bc1 Qd6 32. Bb2 Be6 33. Qa8 a5 34. e5 fxe5 35. Bxe5 Qc5 36. Qd8 Qe7 1-0

[Event "FRA-chT2 0910"]
[Site "France"]
[Date "2009.12.12"]
[Round "5.8"]
[White "Marchadour, Emilie"]
[Black "Josse, Anais"]
[Result "1-0"]
[WhiteElo "2063"]
[BlackElo "1530"]
[PlyCount "103"]
[EventDate "2009.09.27"]
[EventType "team-tourn"]
[EventRounds "11"]
[EventCountry "FRA"]
[SourceTitle "EXT 2011"]
[Source "ChessBase"]
[SourceDate "2010.11.26"]
[SourceVersion "1"]
[SourceVersionDate "2010.11.26"]
[SourceQuality "1"]

1. e4 e5 2. Nf3 Nc6 3. Bb5 a6 4. Ba4 Nf6 5. 0-0 Be7 6. Re1 b5 7. Bb3 0-0 8. c3 d6 9. h3 Bb7 10. d4 h6 11. Nbd2 Re8 12. Nf1 Bf8 13. Ng3 Na5 14. Bc2 exd4 15. cxd4 c5 16. d5 Nc4 17. Nh2 Ne5 18. f4 Ng6 19. Nh5 Nxh5 20. Qxh5 Qh4 21. Qxh4 Nxh4 22. Be3 Ng6 23. Rad1 Be7 24. Nf3 Bf6 25. Bc1 Nf8 26. e5 dxe5 27. fxe5 Bd8 28. Be3 Bb6 29. b4 Rac8 30. Bf5 Rc7 31. d6 Bxf3 32. gxf3 Rc6 33. Be4 Rcc8 34. d7 Nxd7 35. Rxd7 Rxe5 36. bxc5 Bxc5 37. Bxc5 Rexc5 38. Bd5 R5c7 39. Bxf7+ Kh7 40. Rxc7 Rxc7 41. Bd5 g5 42. Re6 a5 43. Be4+ Kg8 44. Rxh6 Rc1+ 45. Kg2 Ra1 46. Rb6 Rxa2+ 47. Kg3 Rb2 48. Bc6 b4 49. Ra6 b3 50. Rxa5 Kf8 51. Rb5 Rb1 52. Be4 1-0

[Event "FRA-chT2 0910"]
[Site "France"]
[Date "2009.10.18"]
[Round "3.6"]
[White "Marchadour, Emilie"]
[Black "Le Montagner, Yoann"]
[Result "1/2-1/2"]
[WhiteElo "2063"]
[BlackElo "2017"]
[PlyCount "107"]
[EventDate "2009.09.27"]
[EventType "team-tourn"]
[EventRounds "11"]
[EventCountry "FRA"]
[SourceTitle "EXT 2011"]
[Source "ChessBase"]
[SourceDate "2010.11.26"]
[SourceVersion "1"]
[SourceVersionDate "2010.11.26"]
[SourceQuality "1"]

1. e4 c5 2. Nf3 d6 3. d4 cxd4 4. Nxd4 Nf6 5. Nc3 g6 6. Be2 Bg7 7. 0-0 0-0 8. Be3 a6 9. Kh1 Qc7 10. f4 Nc6 11. Nb3 b5 12. Nd5 Nxd5 13. exd5 Na5 14. Nxa5 Qxa5 15. Bd4 Qb4 16. Bxg7 Kxg7 17. Qc1 Bb7 18. Bf3 Rac8 19. c3 Qc5 20. Qd2 e5 21. dxe6 Bxf3 22. Rxf3 fxe6 23. Rd1 Rc6 24. Qe1 e5 25. fxe5 Rxf3 26. gxf3 Qxe5 27. Qxe5+ dxe5 28. Rd7+ Kf6 29. Rxh7 Rd6 30. Ra7 Kf5 31. Kg2 Rd2+ 32. Kg3 Rxb2 33. Rxa6 Rc2 34. Rb6 Rxc3 35. Rxb5 Ra3 36. Rb2 e4 37. Rb5+ Kf6 38. Rb3 Rxa2 39. fxe4 Ke5 40. Re3 Rb2 41. h4 Ra2 42. Kg4 Rb2 43. Kf3 Rh2 44. Kg3 Ra2 45. Re1 Rb2 46. Kf3 Rh2 47. Kg3 Rb2 48. Kh3 Ra2 49. Rg1 Kxe4 50. Rxg6 Kf5 51. Rg5+ Kf6 52. Rg4 Kf5 53. Rg3 Ra1 54. Rg2 1/2-1/2

[Event "Amantea op-A 7th"]
[Site "Amantea"]
[Date "2009.08.31"]
[Round "1"]
[White "Marchadour, Emilie"]
[Black "Mrdja, Milan"]
[Result "0-1"]
[WhiteElo "2047"]
[BlackElo "2418"]
[PlyCount "64"]
[EventDate "2009.08.31"]
[EventType "swiss"]
[EventRounds "9"]
[EventCountry "ITA"]
[SourceTitle "CBM 132 Extra"]
[Source "ChessBase"]
[SourceDate "2009.11.03"]
[SourceVersion "1"]
[SourceVersionDate "2009.11.03"]
[SourceQuality "1"]

1. e4 c5 2. Nf3 d6 3. d4 cxd4 4. Nxd4 Nf6 5. Nc3 a6 6. f3 e6 7. Be3 b5 8. Qd2 Bb7 9. g4 Nfd7 10. 0-0-0 Nb6 11. Bd3 N8d7 12. Kb1 Rc8 13. Rde1 Ne5 14. Qf2 Rxc3 15. bxc3 Na4 16. Bd2 Be7 17. h4 Qc7 18. Qe3 0-0 19. f4 Nxg4 20. Qg3 h5 21. Bf1 Rc8 22. Rh3 Bf6 23. Qg1 Qc5 24. Ka1 b4 25. Ne2 Qxg1 26. Nxg1 Nxc3 27. e5 dxe5 28. Bxc3 Rxc3 29. Rxc3 exf4 30. Kb1 bxc3 31. Nh3 Bxh4 32. Rd1 Ne3 0-1

[Event "Avoine op 24th"]
[Site "Avoine"]
[Date "2009.07.24"]
[Round "7"]
[White "Marchadour, Emilie"]
[Black "Ollier, Pablo"]
[Result "0-1"]
[WhiteElo "2047"]
[BlackElo "2226"]
[PlyCount "118"]
[EventDate "2009.07.18"]
[EventType "swiss"]
[EventRounds "9"]
[EventCountry "FRA"]
[SourceTitle "CBM 131 Extra"]
[Source "ChessBase"]
[SourceDate "2009.09.03"]
[SourceVersion "2"]
[SourceVersionDate "2009.09.16"]
[SourceQuality "1"]

1. e4 e6 2. d4 d5 3. Nc3 Bb4 4. e5 c5 5. a3 Bxc3+ 6. bxc3 Ne7 7. Qg4 Qc7 8. Qxg7 Rg8 9. Qxh7 cxd4 10. Ne2 Nbc6 11. f4 dxc3 12. Qd3 Nf5 13. h3 Qe7 14. Be3 Ng3 15. Qh7 Qf8 16. Nxg3 Rxg3 17. Bf2 Rg6 18. g4 b6 19. g5 Bb7 20. Bd3 Rg7 21. Qh5 0-0-0 22. Qe2 d4 23. Rh2 Rd5 24. Be4 Ra5 25. Bxc6 Bxc6 26. Bxd4 Rxa3 27. Rd1 Qb4 28. Qh5 Rg8 29. Be3 Rd8 30. Rxd8+ Kxd8 31. Qd1+ Kc8 32. Qd4 Ra1+ 33. Kf2 Qb1 34. Kg3 Ra4 35. Qxc3 Kb7 36. Bf2 Qc1 37. Be3 Qd1 38. Bf2 Bd5 39. Qd3 Qc1 40. Be3 Qe1+ 41. Bf2 Qb4 42. Be3 Ra3 43. Qe2 Bc4 44. Qd2 Qxd2 45. Rxd2 Rxe3+ 46. Kf2 Rxh3 47. Rd7+ Ka6 48. Rxf7 Rh2+ 49. Ke3 Rxc2 50. g6 Rg2 51. g7 b5 52. Rd7 Kb6 53. Kf3 Rg1 54. Kf2 Rg6 55. Rd6+ Kc7 56. f5 Rxg7 57. f6 Rg5 58. Ra6 Kb7 59. Ra3 Bd5 0-1

[Event "FRA-chT1A 0809"]
[Site "France"]
[Date "2009.03.15"]
[Round "9.8"]
[White "Marchadour, Emilie"]
[Black "Dol, Cecile"]
[Result "1-0"]
[WhiteElo "2079"]
[BlackElo "1510"]
[PlyCount "47"]
[EventDate "2008.10.19"]
[EventType "team-tourn"]
[EventRounds "11"]
[EventCountry "FRA"]
[SourceTitle "EXT 2010"]
[Source "ChessBase"]
[SourceDate "2010.11.25"]
[SourceVersion "1"]
[SourceVersionDate "2010.11.25"]
[SourceQuality "1"]
[WhiteTeam "Clichy II"]
[BlackTeam "Bischwiller"]
[WhiteTeamCountry "FRA"]
[BlackTeamCountry "FRA"]

1. e4 e6 2. d4 d5 3. Nc3 dxe4 4. Nxe4 Nd7 5. Nf3 Ngf6 6. Nxf6+ Nxf6 7. Bd3 Be7 8. Bd2 Bd7 9. Qe2 a6 10. Ne5 Bd6 11. Bg5 Be7 12. Qf3 Rb8 13. Be4 c6 14. 0-0-0 0-0 15. Bxf6 Bxf6 16. h4 Qc7 17. Qd3 g6 18. h5 Be8 19. Qh3 g5 20. Qg3 h6 21. f4 Kh8 22. Kb1 Rd8 23. fxg5 Bxg5 24. Ng6+ 1-0